01087cam a2200217Ka 4500020003700000020003400037020003500071020003400106020003600140020003500176040000800211082002600219245005500245246004500300260004500345300002500390500040200415650001600817650001600833700002000849 a0078296315 (Gr.6 student book 1) a0078296323 (Gr.6 teacher ed.) a0078296331 (Gr.7 student book) a007829634x (Gr.7 teacher ed.) a0078296358 (Gr.8, student book) a0078296366 (Gr.8, teacher ed.) cOUV a510 GLE 2004 A109 Or.00aGlencoe mathematics :bapplications and concepts /30aMathematics :bapplications and concepts aNew York :bGlencoe/McGraw-Hill,cc2004. av. :bill. ;c28 cm. aTeacher resources: Student book (Gr.6-8:text) -- Teacher ed. (Gr.6-8:te1-2) -- Quick review math handbook (Gr.6-8:sr) -- Resource masters, chapters 1 through 14 (Gr.6-8:tr1:v.1-14) -- Calculator and spreadsheet masters (Gr.6-8:tr2) -- Math skills maintenance workbook -- Teaching mathematics with manipulatives (Gr.6-8:tr3) -- WebQuests, projects and interdisciplinary investigations (Gr.6-8:tr4). 0aMathematics 0aMathematics1 aBailey, Rhonda.